000 00426nam a22001817a 4500
003 MPLRDC
005 20220104150344.0
008 210129b ||||| |||| 00| 0 eng d
020 _a962-365-268-2
082 _a293.23 ZJY
100 _a郑智逸
245 _a从手相看运程
_c
250 _a再版
260 _a
_b海滨图书公司
_c1994
300 _b
650 _a相书--手相
942 _cBK
_o293.23 ZJY
999 _c51828
_d51818